000
00312nam a22001097a 4500
008
211014b ||||| |||| 00| 0 eng d
050
_a
periodical
245
_a
Research in African Literature
260
_a
Bloomington
_b
Indiana University Bloomington
_c
1995
300
_a
Not specified
942
_2
lcc
_c
PERIODICAL
999
_c
130850
_d
130850